000 00568nam a22002297a 4500
005 20220128102343.0
008 170824b xxu||||| |||| 00| 0 spa d
020 _a9781438075204
041 _aeng
082 _a443 K33q7
100 _aKendris, Christopher
_962319
245 _a501 French Verbs
250 _a7 edición
260 _aEstados Unidos
300 _a760 páginas
505 _aContiene disco compacto N° 783
650 _aFRANCÉS
_922366
650 _aINGLÉS
_92062
650 _aIDIOMA
_928627
650 _aGRAMÁTICA
_962320
942 _cBK
999 _c9800
_d9800